000 00754nam a2200241Ia 4500
008 191130s2008##################000#0#eng##
020 _a9780750684569
040 _aACL
_cACL
082 _a720 VAN
100 _aVandenberg, Maritz
245 _aAn inclusive environment : an A-Z guide to legislation, policies and products
_cMaritz Vandenberg
250 _a1st ed
260 _aAmsterdam
_bButterworth-Heinemann
_c2008
300 _aviii, 655 p. : ill. ; 30 cm
500 _aIncludes bibliography
650 _aArchitectural design
650 _aBarrier-free design
650 _aBarrier-free design -- Law and legislation
650 _aBuilding laws
990 _a5dd4a099ac10000c2652363c6f3175ee
991 _a303350
999 _c368454
_d368454